000 00659nam a2200241Ia 4500
003 OSt
005 20220918221638.0
006 a|||||r|||| 00| 0
007 ta
008 220917b |||||||| |||| 00| 0 eng d
024 _a202,346
037 _cTextual
040 _aARTS
_cARTS
_beng
041 _2eng
_aeng
082 _aY49(J):7v3, N6
100 _aRaftis J A
_9141084
245 0 _aPeasant economic development within the English manorial system
260 _aU
_bK Sutton publishing
_c1996
300 _aviii, 243p
_ccm.
650 _aSOCIOLOGY
942 _hY49(J):7v3, N6
_cTEXL
_2CC
999 _c273235
_d273235